000 00413nam a2200157Ia 4500
003 LK-CoDNM
008 010623t2004 xxu||||| |||| 00| 1 eng d
040 _aLK-CoDNM
_dLK-CoDNM
_eLK-CoDNM
041 _aeng
080 _aX 327
100 _aJayasuriya,Laksiri
245 _aThe Changing Face Of Electoral Politics In Sri Lanka
260 _bSarasavi
_aNugegoda
_c2004
300 _b168p.;22 cm cm
942 _cBK
999 _c123530
_d123530